Prajavangmayam (Record no. 473412)

MARC details
000 -LEADER
fixed length control field 00412nam a2200169Ia 4500
003 - CONTROL NUMBER IDENTIFIER
control field OSt
005 - DATE AND TIME OF LATEST TRANSACTION
control field 20250908110312.0
008 - FIXED-LENGTH DATA ELEMENTS--GENERAL INFORMATION
fixed length control field 220923b |||||||| |||| 00| 0 tel d
037 ## - SOURCE OF ACQUISITION
Terms of availability Textual
040 ## - CATALOGING SOURCE
Original cataloging agency ARTS
Transcribing agency ARTS
Language of cataloging tel
041 ## - LANGUAGE CODE
Source of code tel
Language code of text/sound track or separate title tel
245 #0 - TITLE STATEMENT
Title Prajavangmayam
260 ## - PUBLICATION, DISTRIBUTION, ETC.
Date of publication, distribution, etc. 1997
650 ## - SUBJECT ADDED ENTRY--TOPICAL TERM
Topical term or geographic name entry element TELUGU LANGUAGE
9 (RLIN) 155493
942 ## - ADDED ENTRY ELEMENTS (KOHA)
Classification part O35, N7
Koha item type Textual
Source of classification or shelving scheme Colon Classification (CC)
Suppress in OPAC No
Holdings
Withdrawn status Lost status Source of classification or shelving scheme Damaged status Not for loan Home library Current library Date acquired Total Checkouts Full call number Barcode Date last seen Price effective from Koha item type
    Colon Classification (CC)     Arts Library Arts Library 2022-09-24   O35 N7 AL1203028 2022-09-24 2022-09-24 Textual
Copyright @ Delhi University Library System